<?xml version="1.0" encoding="UTF-8"?>
<record
    xmlns:xsi="http://www.w3.org/2001/XMLSchema-instance"
    xsi:schemaLocation="http://www.loc.gov/MARC21/slim http://www.loc.gov/standards/marcxml/schema/MARC21slim.xsd"
    xmlns="http://www.loc.gov/MARC21/slim">

  <leader>02135nam0a22003371  4500</leader>
  <controlfield tag="001">RU\NLR\A1\22651</controlfield>
  <controlfield tag="005">20251203152403.2</controlfield>
  <datafield tag="035" ind1=" " ind2=" ">
    <subfield code="a">(NLR Aleph) 009677112</subfield>
  </datafield>
  <datafield tag="090" ind1=" " ind2=" ">
    <subfield code="a">9687243</subfield>
    <subfield code="c">9687243</subfield>
  </datafield>
  <datafield tag="100" ind1=" " ind2=" ">
    <subfield code="a">20260119              rusy50        </subfield>
  </datafield>
  <datafield tag="101" ind1="1" ind2=" ">
    <subfield code="a">rus</subfield>
  </datafield>
  <datafield tag="102" ind1=" " ind2=" ">
    <subfield code="a">RU</subfield>
  </datafield>
  <datafield tag="200" ind1="1" ind2=" ">
    <subfield code="a">&#x41A;&#x440;&#x430;&#x442;&#x43A;&#x43E;&#x435; &#x438;&#x437;&#x432;&#x435;&#x449;&#x435;&#x43D;&#x438;&#x435; &#x43E; &#x43D;&#x435;&#x432;&#x438;&#x434;&#x438;&#x43C;&#x43E;&#x43C; &#x441;&#x443;&#x449;&#x435;&#x441;&#x442;&#x432;&#x435;, &#x438; &#x43E; &#x43D;&#x430;&#x445;&#x43E;&#x434;&#x44F;&#x449;&#x438;&#x445;&#x441;&#x44F; &#x432; &#x43D;&#x435;&#x438;&#x437;&#x43C;&#x435;&#x440;&#x438;&#x43C;&#x43E;&#x43C; &#x435;&#x433;&#x43E; &#x43F;&#x440;&#x43E;&#x441;&#x442;&#x440;&#x430;&#x43D;&#x441;&#x442;&#x432;&#x435; &#x442;&#x430;&#x432;&#x440;&#x44F;&#x445; &#x434;&#x43E;&#x431;&#x440;&#x44B;&#x445; &#x438; &#x437;&#x43B;&#x44B;&#x445;; &#x442;&#x430;&#x43A;&#x436;&#x435; &#x437;&#x432;&#x435;&#x437;&#x434;&#x43D;&#x44B;&#x445; &#x438; &#x441;&#x442;&#x438;&#x445;&#x438;&#x439;&#x43D;&#x44B;&#x445; &#x434;&#x443;&#x445;&#x430;&#x445;, &#x43E; &#x43F;&#x440;&#x43E;&#x438;&#x441;&#x445;&#x43E;&#x436;&#x434;&#x435;&#x43D;&#x438;&#x438; &#x434;&#x443;&#x445;&#x43E;&#x432;, &#x441;&#x443;&#x449;&#x435;&#x441;&#x442;&#x432;&#x435; &#x438; &#x434;&#x435;&#x439;&#x441;&#x442;&#x432;&#x438;&#x438; &#x438;&#x445;; &#x43E; &#x441;&#x43D;&#x430;&#x445; &#x438; &#x432;&#x441;&#x44F;&#x43A;&#x438;&#x445; &#x444;&#x430;&#x43D;&#x442;&#x430;&#x437;&#x438;&#x44F;&#x445;, &#x442;&#x430;&#x43A;&#x436;&#x435; &#x43E; &#x43F;&#x440;&#x438;&#x432;&#x438;&#x434;&#x435;&#x43D;&#x438;&#x44F;&#x445;, &#x438; &#x432;&#x43E;&#x43B;&#x448;&#x435;&#x431;&#x43D;&#x44B;&#x445; &#x441;&#x438;&#x43B;&#x430;&#x445;, &#x438; &#x438;&#x43D;&#x44B;&#x445; &#x435;&#x449;&#x435; &#x43A; &#x442;&#x43E;&#x43C;&#x443; &#x43F;&#x440;&#x438;&#x43D;&#x430;&#x434;&#x43B;&#x435;&#x449;&#x430;&#x449;&#x438;&#x445; &#x432;&#x435;&#x449;&#x430;&#x445;;</subfield>
    <subfield code="e">&#x418;&#x437; &#x435;&#x441;&#x442;&#x435;&#x441;&#x442;&#x432;&#x435;&#x43D;&#x43D;&#x430;&#x433;&#x43E; &#x43F;&#x43E;&#x437;&#x43D;&#x430;&#x43D;&#x438;&#x44F; &#x441;&#x43E;&#x431;&#x440;&#x430;&#x43D;&#x43D;&#x43E;&#x435;, &#x438; &#x441;&#x43E; &#x441;&#x432;&#x44F;&#x449;&#x435;&#x43D;&#x43D;&#x44B;&#x43C; &#x43F;&#x438;&#x441;&#x430;&#x43D;&#x438;&#x435;&#x43C; &#x438; &#x441;&#x43E; &#x437;&#x434;&#x440;&#x430;&#x432;&#x44B;&#x43C;&#x438; &#x437;&#x430;&#x43A;&#x43B;&#x44E;&#x447;&#x435;&#x43D;&#x438;&#x44F;&#x43C;&#x438; &#x440;&#x430;&#x437;&#x443;&#x43C;&#x430; &#x441;&#x43E;&#x433;&#x43B;&#x430;&#x448;&#x435;&#x43D;&#x43D;&#x43E;&#x435;</subfield>
  </datafield>
  <datafield tag="210" ind1=" " ind2=" ">
    <subfield code="a">[&#x41C;.</subfield>
    <subfield code="c">&#x422;&#x430;&#x439;&#x43D;&#x430;&#x44F; &#x43C;&#x430;&#x441;&#x43E;&#x43D;. &#x442;&#x438;&#x43F;.]</subfield>
    <subfield code="d">[&#x43D;&#x435; &#x440;&#x430;&#x43D;&#x435;&#x435; 1784]</subfield>
  </datafield>
  <datafield tag="215" ind1=" " ind2=" ">
    <subfield code="a">[2], 126 &#x441;.</subfield>
    <subfield code="d">8&#xB0;</subfield>
  </datafield>
  <datafield tag="305" ind1=" " ind2=" ">
    <subfield code="a">&#x41D;&#x430;&#x43F;&#x435;&#x447;. &#x43D;&#x430; &#x431;&#x443;&#x43C;&#x430;&#x433;&#x435; &#x441; &#x432;&#x43E;&#x434;&#x44F;&#x43D;&#x44B;&#x43C;&#x438; &#x437;&#x43D;&#x430;&#x43A;&#x430;&#x43C;&#x438; 1784 &#x433;. &#x418;&#x437;&#x434;. &#x43E;&#x434;&#x43D;&#x43E;&#x432;&#x440;&#x435;&#x43C;&#x435;&#x43D;&#x43D;&#x43E; &#x441; &#x434;&#x440;. &#x441;&#x43E;&#x447;. &#x413;.&#x424;.&#x420;&#x435;&#x439;&#x446;&#x435;&#x43B;&#x44F; - "&#x428;&#x435;&#x441;&#x442;&#x438;-&#x434;&#x43D;&#x435;&#x432;&#x43D;&#x44B;&#x445; &#x435;&#x43B; &#x441;&#x435;&#x433;&#x43E; &#x43C;&#x438;&#x440;&#x430; &#x442;&#x430;&#x439;&#x43D;&#x43E;&#x435; &#x437;&#x43D;&#x430;&#x447;&#x435;&#x43D;&#x438;&#x435;...", &#x43E; &#x447;&#x435;&#x43C; &#x441;&#x432;&#x438;&#x434;&#x435;&#x442;&#x435;&#x43B;&#x44C;&#x441;&#x442;&#x432;&#x443;&#x435;&#x442; &#x442;&#x43E;, &#x447;&#x442;&#x43E; &#x43F;&#x435;&#x440;&#x432;&#x44B;&#x435; &#x441;&#x442;&#x440;&#x43D;&#x438;&#x446;&#x44B; &#x43F;&#x435;&#x440;&#x432;&#x43E;&#x433;&#x43E; &#x441;&#x43E;&#x447;. &#x438; &#x43F;&#x43E;&#x441;&#x43B;&#x435;&#x434;&#x43D;&#x438;&#x435; &#x441;&#x442;&#x440;&#x430;&#x43D;&#x438;&#x446;&#x44B; &#x432;&#x442;&#x43E;&#x440;&#x43E;&#x433;&#x43E; &#x441;&#x43E;&#x447;. &#x43D;&#x430;&#x43F;&#x435;&#x447;. &#x43D;&#x430; &#x43E;&#x434;&#x43D;&#x43E;&#x43C; &#x442;&#x438;&#x43F;&#x43E;&#x433;&#x440;. &#x43B;&#x438;&#x441;&#x442;&#x435;.</subfield>
  </datafield>
  <datafield tag="321" ind1="1" ind2=" ">
    <subfield code="a">&#x421;&#x41A; XVIII 5940</subfield>
  </datafield>
  <datafield tag="620" ind1=" " ind2=" ">
    <subfield code="d">&#x41C;&#x43E;&#x441;&#x43A;&#x432;&#x430;</subfield>
  </datafield>
  <datafield tag="700" ind1=" " ind2="1">
    <subfield code="6">z01700</subfield>
    <subfield code="a">&#x420;&#x435;&#x442;&#x446;&#x435;&#x43B;&#x44C;</subfield>
    <subfield code="b">&#x413;.&#x424;.</subfield>
    <subfield code="g">&#x413;&#x435;&#x43E;&#x440;&#x433; &#x424;&#x440;&#x438;&#x434;&#x440;&#x438;&#x445;</subfield>
    <subfield code="4">070</subfield>
  </datafield>
  <datafield tag="700" ind1=" " ind2="1">
    <subfield code="6">z01700</subfield>
    <subfield code="a">Retzel</subfield>
    <subfield code="b">G.F.</subfield>
    <subfield code="g">Georg Friedrich</subfield>
    <subfield code="4">070</subfield>
    <subfield code="7">ba</subfield>
  </datafield>
  <datafield tag="712" ind1="0" ind2="2">
    <subfield code="a">&#x422;&#x430;&#x439;&#x43D;&#x430;&#x44F; &#x43C;&#x430;&#x441;&#x43E;&#x43D;&#x441;&#x43A;&#x430;&#x44F; &#x442;&#x438;&#x43F;&#x43E;&#x433;&#x440;&#x430;&#x444;&#x438;&#x44F;</subfield>
    <subfield code="c">&#x41C;&#x43E;&#x441;&#x43A;&#x432;&#x430;</subfield>
    <subfield code="4">610</subfield>
  </datafield>
  <datafield tag="801" ind1=" " ind2="0">
    <subfield code="a">RU</subfield>
    <subfield code="b">NLR</subfield>
    <subfield code="c">19981006</subfield>
  </datafield>
  <datafield tag="852" ind1=" " ind2=" ">
    <subfield code="a">NLR</subfield>
    <subfield code="j">18.54.9.48</subfield>
  </datafield>
  <datafield tag="852" ind1=" " ind2=" ">
    <subfield code="a">NLR</subfield>
    <subfield code="j">&#x41C;&#x444; &#x41A;1/22454</subfield>
  </datafield>
  <datafield tag="899" ind1=" " ind2=" ">
    <subfield code="a">&#x420;&#x413;&#x411;</subfield>
  </datafield>
  <datafield tag="899" ind1=" " ind2=" ">
    <subfield code="a">&#x411;&#x410;&#x41D;</subfield>
  </datafield>
  <datafield tag="899" ind1=" " ind2=" ">
    <subfield code="a">&#x413;&#x41F;&#x418;&#x411;</subfield>
  </datafield>
  <datafield tag="942" ind1=" " ind2=" ">
    <subfield code="c">BOOK</subfield>
  </datafield>
  <datafield tag="980" ind1=" " ind2=" ">
    <subfield code="a">NB</subfield>
  </datafield>
  <datafield tag="980" ind1=" " ind2=" ">
    <subfield code="a">A1XVIIIv</subfield>
  </datafield>
  <datafield tag="995" ind1=" " ind2=" ">
    <subfield code="5">2016-05-13</subfield>
    <subfield code="b">NLR02</subfield>
    <subfield code="c">NLR02</subfield>
    <subfield code="e">RFS</subfield>
    <subfield code="f">9677112-10</subfield>
    <subfield code="k">18.54.9.48</subfield>
    <subfield code="o">0</subfield>
    <subfield code="r">BOOK</subfield>
    <subfield code="s">1854948_</subfield>
  </datafield>
</record>
